Herbario mistraliano. Diarios y cuadernos de jardín.

Na minha lista:
Detalhes bibliográficos
Autor principal: Mistral, Gabriela (autora)
Outros Autores: González, Gladys (investigación, compilación y selección), Palaveccino, Camila (ilustraciones)
Formato: Livro
Idioma:espanhol
Publicado em: [Valparaíso, Chile]: Ediciones Libros del Cardo, 2021.
Edição:Primera edición.
Assuntos:
Tags: Adicionar Tag
Sem tags, seja o primeiro a adicionar uma tag!

MARC

LEADER 00000nam a22000007a 4500
003 CL-VaPUC
005 20250430165137.0
008 250430t2021 ||||| |||| 00| 0 spa d
999 |c 449230  |d 449228 
020 |a 978-956-9510-78-6 
040 |c Pontificia Universidad Católica de Valparaíso 
082 |2 22  |a Ch868.4 MIS 2021 
100 |9 866378  |a Mistral, Gabriela  |e autora 
245 |a Herbario mistraliano.  |b Diarios y cuadernos de jardín. 
250 |a Primera edición. 
260 |a [Valparaíso, Chile]:  |b Ediciones Libros del Cardo,  |c 2021. 
300 |a 364 páginas:  |b ilustraciones. 
583 |c 20250430  |k Yessy Sthefany Diaz Vidal 
600 0 |9 866296  |a Mistral, Gabriela,  |d 1889-1957  |q Godoy Alcayaga, Lucila  |v Compilación literaria 
650 0 |9 269656  |a Naturaleza  |x Plantas, hierbas, etc.  |v Ensayos, poesías, etc.  |y Siglo 20 
700 |9 902476  |a González, Gladys  |e investigación, compilación y selección 
700 |9 902477  |a Palaveccino, Camila  |e ilustraciones 
942 |2 ddc  |c BK  |n 1 
952 |0 0  |1 0  |2 ddc  |4 0  |6 CH_868_400000000000000_MIS_2021  |7 0  |8 A  |9 602818  |a BIBINC  |b BIBINC  |d 2025-04-30  |i 5667351  |o Ch868.4 MIS 2021  |p 5667351  |r 2025-04-30  |t 1  |w 2025-04-30  |y BK  |k IFP 
952 |0 0  |1 0  |2 ddc  |4 0  |6 CH_868_400000000000000_MIS_2021  |7 0  |8 A  |9 602819  |a BIBEDU  |b BIBEDU  |d 2025-04-30  |i 5667352  |o Ch868.4 MIS 2021  |p 5667352  |r 2025-04-30  |t 2  |w 2025-04-30  |y BK  |k LIT